[Event "DVM U16 2023"]
[Site "Magdeburg GER"]
[Date "2023.12.29"]
[Round "6"]
[White "Ammann, Samuel"]
[Black "Borghini, Antoine"]
[Result "1/2-1/2"]
[Termination "normal"]
[Board "9.2"]
[WhiteElo "1502"]
[BlackElo "1709"]
[WhiteClock "00:47:03"]
[BlackClock "01:38:24"]
[WhiteTeam "SC Bavaria Regensburg 1881"]
[BlackTeam "Bielefelder SK 1883"]
[PlyCount "146"]
[WhiteFideId "34650750"]
[BlackFideId "34616144"]
[EventCountry "GER"]
[EventRounds "7"]
[EventType "team-swiss"]
[EventDate "2023.12.26"]

1. d4 {[%clk 01:30:56]} {[%emt 00:00:03]} e6 {[%clk 01:30:53]} {[%emt
00:00:07]} 2. c4 {[%clk 01:31:12]} {[%emt 00:00:14]} Bb4+ {[%clk 01:31:11]}
{[%emt 00:00:12]} 3. Bd2 {[%clk 01:31:13]} {[%emt 00:00:28]} Qe7 {[%clk
01:31:35]} {[%emt 00:00:06]} 4. Nf3 {[%clk 01:30:46]} {[%emt 00:00:58]} Nf6
{[%clk 01:31:50]} {[%emt 00:00:15]} 5. e3 {[%clk 01:31:10]} {[%emt 00:00:05]}
O-O {[%clk 01:31:37]} {[%emt 00:00:43]} 6. Bd3 {[%clk 01:31:34]} {[%emt
00:00:07]} Bxd2+ {[%clk 01:31:35]} {[%emt 00:00:31]} 7. Qxd2 {[%clk 01:31:44]}
{[%emt 00:00:20]} d5 {[%clk 01:31:25]} {[%emt 00:00:40]} 8. cxd5 {[%clk
01:31:16]} {[%emt 00:00:58]} exd5 {[%clk 01:31:44]} {[%emt 00:00:11]} 9. Nc3
{[%clk 01:31:37]} {[%emt 00:00:09]} c6 {[%clk 01:31:27]} {[%emt 00:00:47]} 10.
O-O {[%clk 01:30:15]} {[%emt 00:01:53]} Ne4 {[%clk 01:28:58]} {[%emt 00:02:59]}
11. Qc2 {[%clk 01:25:42]} {[%emt 00:05:03]} Bf5 {[%clk 01:29:11]} {[%emt
00:00:17]} 12. Ne5 {[%clk 01:21:05]} {[%emt 00:05:06]} f6 {[%clk 01:28:02]}
{[%emt 00:01:39]} 13. Nf3 {[%clk 01:20:57]} {[%emt 00:00:38]} Nd7 {[%clk
01:28:04]} {[%emt 00:00:29]} 14. Nh4 {[%clk 01:16:21]} {[%emt 00:05:05]} Bg6
{[%clk 01:27:44]} {[%emt 00:00:50]} 15. Nxg6 {[%clk 01:16:34]} {[%emt
00:00:18]} hxg6 {[%clk 01:28:09]} {[%emt 00:00:05]} 16. Nxe4 {[%clk 01:16:37]}
{[%emt 00:00:26]} dxe4 {[%clk 01:28:34]} {[%emt 00:00:05]} 17. Bxe4 {[%clk
01:16:38]} {[%emt 00:00:28]} f5 {[%clk 01:28:43]} {[%emt 00:00:22]} 18. Bd3
{[%clk 01:15:03]} {[%emt 00:02:05]} Nf6 {[%clk 01:28:47]} {[%emt 00:00:26]} 19.
Qb3+ {[%clk 01:11:08]} {[%emt 00:04:25]} Kh7 {[%clk 01:27:09]} {[%emt
00:02:08]} 20. Rac1 {[%clk 01:07:30]} {[%emt 00:04:08]} Ne4 {[%clk 01:26:29]}
{[%emt 00:01:10]} 21. Bxe4 {[%clk 01:02:29]} {[%emt 00:05:31]} Qxe4 {[%clk
01:26:49]} {[%emt 00:00:10]} 22. Qxb7 {[%clk 00:57:47]} {[%emt 00:05:13]} Rfb8
{[%clk 01:26:53]} {[%emt 00:00:24]} 23. Qxc6 {[%clk 00:58:04]} {[%emt
00:00:13]} Qxc6 {[%clk 01:27:13]} {[%emt 00:00:11]} 24. Rxc6 {[%clk 00:58:27]}
{[%emt 00:00:07]} Rxb2 {[%clk 01:27:40]} {[%emt 00:00:03]} 25. Ra6 {[%clk
00:58:29]} {[%emt 00:00:28]} Kh6 {[%clk 01:27:00]} {[%emt 00:01:09]} 26. Rd1
{[%clk 00:57:44]} {[%emt 00:01:16]} Rc8 {[%clk 01:26:56]} {[%emt 00:00:34]} 27.
Rxa7 {[%clk 00:57:07]} {[%emt 00:01:07]} Rcc2 {[%clk 01:27:21]} {[%emt
00:00:05]} 28. Rf1 {[%clk 00:57:19]} {[%emt 00:00:17]} Rxa2 {[%clk 01:27:45]}
{[%emt 00:00:07]} 29. Rxa2 {[%clk 00:57:36]} {[%emt 00:00:14]} Rxa2 {[%clk
01:28:09]} {[%emt 00:00:06]} 30. Rd1 {[%clk 00:57:57]} {[%emt 00:00:08]} Kg5
{[%clk 01:28:28]} {[%emt 00:00:10]} 31. g3 {[%clk 00:57:58]} {[%emt 00:00:30]}
Kf6 {[%clk 01:28:50]} {[%emt 00:00:08]} 32. d5 {[%clk 00:58:07]} {[%emt
00:00:21]} Ke7 {[%clk 01:29:14]} {[%emt 00:00:06]} 33. d6+ {[%clk 00:57:58]}
{[%emt 00:00:38]} Kd7 {[%clk 01:29:41]} {[%emt 00:00:03]} 34. Kg2 {[%clk
00:57:10]} {[%emt 00:01:18]} Rb2 {[%clk 01:30:04]} {[%emt 00:00:07]} 35. Rd5
{[%clk 00:56:43]} {[%emt 00:00:58]} Ra2 {[%clk 01:30:11]} {[%emt 00:00:23]} 36.
Kf3 {[%clk 00:56:41]} {[%emt 00:00:31]} Rb2 {[%clk 01:30:32]} {[%emt 00:00:10]}
37. h3 {[%clk 00:57:05]} {[%emt 00:00:06]} Ra2 {[%clk 01:30:57]} {[%emt
00:00:05]} 38. g4 {[%clk 00:56:55]} {[%emt 00:00:40]} Ra7 {[%clk 01:31:04]}
{[%emt 00:00:23]} 39. Kf4 {[%clk 00:55:57]} {[%emt 00:01:28]} Ra4+ {[%clk
01:31:14]} {[%emt 00:00:20]} 40. Rd4 {[%clk 00:55:09]} {[%emt 00:01:18]} Ra2
{[%clk 01:31:09]} {[%emt 00:00:35]} 41. f3 {[%clk 00:55:23]} {[%emt 00:00:15]}
Rh2 {[%clk 01:31:01]} {[%emt 00:00:38]} 42. Kg3 {[%clk 00:54:37]} {[%emt
00:01:17]} Re2 {[%clk 01:31:25]} {[%emt 00:00:05]} 43. e4 {[%clk 00:51:23]}
{[%emt 00:03:45]} fxe4 {[%clk 01:31:32]} {[%emt 00:00:23]} 44. fxe4 {[%clk
00:51:42]} {[%emt 00:00:11]} Re3+ {[%clk 01:31:56]} {[%emt 00:00:06]} 45. Kg2
{[%clk 00:51:34]} {[%emt 00:00:38]} g5 {[%clk 01:32:01]} {[%emt 00:00:25]} 46.
Rd5 {[%clk 00:51:15]} {[%emt 00:00:49]} Rxe4 {[%clk 01:32:26]} {[%emt
00:00:05]} 47. Rxg5 {[%clk 00:51:31]} {[%emt 00:00:14]} Kxd6 {[%clk 01:32:48]}
{[%emt 00:00:08]} 48. Rxg7 {[%clk 00:51:37]} {[%emt 00:00:23]} Ke6 {[%clk
01:33:10]} {[%emt 00:00:08]} 49. Kg3 {[%clk 00:51:14]} {[%emt 00:00:54]} Kf6
{[%clk 01:33:34]} {[%emt 00:00:06]} 50. Rg8 {[%clk 00:51:14]} {[%emt 00:00:30]}
Kf7 {[%clk 01:33:56]} {[%emt 00:00:07]} 51. Ra8 {[%clk 00:51:35]} {[%emt
00:00:10]} Rb4 {[%clk 01:34:08]} {[%emt 00:00:17]} 52. Kh4 {[%clk 00:51:48]}
{[%emt 00:00:18]} Kg6 {[%clk 01:34:30]} {[%emt 00:00:07]} 53. Ra6+ {[%clk
00:52:05]} {[%emt 00:00:14]} Kg7 {[%clk 01:34:53]} {[%emt 00:00:06]} 54. Kh5
{[%clk 00:52:27]} {[%emt 00:00:09]} Rb7 {[%clk 01:35:09]} {[%emt 00:00:14]} 55.
h4 {[%clk 00:52:27]} {[%emt 00:00:30]} Kh7 {[%clk 01:35:29]} {[%emt 00:00:09]}
56. g5 {[%clk 00:52:44]} {[%emt 00:00:14]} Kg7 {[%clk 01:35:47]} {[%emt
00:00:12]} 57. Ra4 {[%clk 00:51:52]} {[%emt 00:01:23]} Rc7 {[%clk 01:35:51]}
{[%emt 00:00:25]} 58. Kg4 {[%clk 00:51:54]} {[%emt 00:00:27]} Rc1 {[%clk
01:35:41]} {[%emt 00:00:41]} 59. h5 {[%clk 00:51:43]} {[%emt 00:00:41]} Rg1+
{[%clk 01:36:04]} {[%emt 00:00:07]} 60. Kf5 {[%clk 00:51:59]} {[%emt 00:00:14]}
Rf1+ {[%clk 01:34:52]} {[%emt 00:01:42]} 61. Rf4 {[%clk 00:52:03]} {[%emt
00:00:26]} Ra1 {[%clk 01:35:16]} {[%emt 00:00:05]} 62. h6+ {[%clk 00:51:33]}
{[%emt 00:01:01]} Kh7 {[%clk 01:35:39]} {[%emt 00:00:07]} 63. Re4 {[%clk
00:51:52]} {[%emt 00:00:12]} Rf1+ {[%clk 01:35:24]} {[%emt 00:00:45]} 64. Kg4
{[%clk 00:50:21]} {[%emt 00:02:00]} Rg1+ {[%clk 01:35:47]} {[%emt 00:00:07]}
65. Kh5 {[%clk 00:50:41]} {[%emt 00:00:10]} Rh1+ {[%clk 01:36:08]} {[%emt
00:00:10]} 66. Rh4 {[%clk 00:51:00]} {[%emt 00:00:11]} Rg1 {[%clk 01:36:33]}
{[%emt 00:00:05]} 67. Rh3 {[%clk 00:49:36]} {[%emt 00:01:54]} Rg2 {[%clk
01:36:55]} {[%emt 00:00:07]} 68. Kh4 {[%clk 00:48:28]} {[%emt 00:01:38]} Rg1
{[%clk 01:37:00]} {[%emt 00:00:26]} 69. Rg3 {[%clk 00:48:20]} {[%emt 00:00:38]}
Rh1+ {[%clk 01:37:21]} {[%emt 00:00:09]} 70. Kg4 {[%clk 00:48:42]} {[%emt
00:00:07]} Kg6 {[%clk 01:37:47]} {[%emt 00:00:05]} 71. Rf3 {[%clk 00:48:20]}
{[%emt 00:00:52]} Rg1+ {[%clk 01:38:02]} {[%emt 00:00:15]} 72. Kf4 {[%clk
00:47:20]} {[%emt 00:01:30]} Rxg5 {[%clk 01:38:19]} {[%emt 00:00:13]} 73. h7
{[%clk 00:47:03]} {[%emt 00:00:46]} Rh5 {[%clk 01:38:24]} {[%emt 00:00:25]}
1/2-1/2

[Event "DVM U16 2023"]
[Site "Magdeburg GER"]
[Date "2023.12.29"]
[Round "6"]
[White "Borgstädt, Leif Jona"]
[Black "Bürger, Theodor"]
[Result "0-1"]
[Termination "normal"]
[Board "9.3"]
[WhiteElo "1442"]
[BlackElo "1514"]
[WhiteClock "00:23:46"]
[BlackClock "00:27:58"]
[WhiteTeam "Bielefelder SK 1883"]
[BlackTeam "SC Bavaria Regensburg 1881"]
[PlyCount "68"]
[WhiteFideId "16266153"]
[BlackFideId "34640126"]
[EventCountry "GER"]
[EventRounds "7"]
[EventType "team-swiss"]
[EventDate "2023.12.26"]

1. d4 {[%clk 01:30:58]} {[%emt 00:00:02]} d5 {[%clk 01:29:49]} {[%emt
00:01:11]} 2. Bf4 {[%clk 01:31:18]} {[%emt 00:00:10]} Nf6 {[%clk 01:29:04]}
{[%emt 00:01:15]} 3. e3 {[%clk 01:31:04]} {[%emt 00:00:44]} e6 {[%clk
01:28:12]} {[%emt 00:01:21]} 4. Nd2 {[%clk 01:31:18]} {[%emt 00:00:16]} Bd6
{[%clk 01:28:16]} {[%emt 00:00:26]} 5. Bg3 {[%clk 01:31:38]} {[%emt 00:00:11]}
O-O {[%clk 01:27:37]} {[%emt 00:01:08]} 6. Ngf3 {[%clk 01:31:58]} {[%emt
00:00:09]} b6 {[%clk 01:26:42]} {[%emt 00:01:26]} 7. Bd3 {[%clk 01:31:54]}
{[%emt 00:00:34]} Bb7 {[%clk 01:25:37]} {[%emt 00:01:34]} 8. Qe2 {[%emt
00:01:56]} c5 {[%clk 01:24:49]} 9. c3 {[%clk 01:32:05]} {[%emt 00:00:12]} Nc6
{[%clk 01:19:19]} {[%emt 00:05:59]} 10. e4 {[%clk 01:30:41]} {[%emt 00:01:56]}
dxe4 {[%clk 01:16:54]} {[%emt 00:02:54]} 11. Nxe4 {[%clk 01:29:33]} {[%emt
00:01:39]} Nxe4 {[%clk 01:16:43]} {[%emt 00:00:40]} 12. Bxe4 {[%clk 01:29:45]}
{[%emt 00:00:18]} Na5 {[%clk 01:08:13]} {[%emt 00:09:00]} 13. Rd1 {[%clk
01:27:35]} {[%emt 00:02:41]} Qe7 {[%clk 01:04:49]} {[%emt 00:03:54]} 14. Bh4
{[%clk 01:19:14]} {[%emt 00:08:51]} Qe8 {[%clk 01:00:49]} {[%emt 00:04:30]} 15.
dxc5 {[%clk 01:19:17]} {[%emt 00:00:27]} Bxe4 {[%clk 00:56:45]} {[%emt
00:04:33]} 16. Qxe4 {[%clk 01:19:04]} {[%emt 00:00:44]} f5 {[%clk 00:55:05]}
{[%emt 00:02:10]} 17. Qe2 {[%clk 01:16:38]} {[%emt 00:02:56]} Bc7 {[%clk
00:54:15]} {[%emt 00:01:21]} 18. b4 {[%clk 01:11:56]} {[%emt 00:05:11]} Nb7
{[%clk 00:53:48]} {[%emt 00:00:53]} 19. cxb6 {[%clk 01:11:03]} {[%emt
00:01:26]} axb6 {[%clk 00:53:52]} {[%emt 00:00:24]} 20. O-O {[%clk 01:09:12]}
{[%emt 00:02:23]} e5 {[%clk 00:51:36]} {[%emt 00:02:47]} 21. Rfe1 {[%clk
01:07:34]} {[%emt 00:02:07]} e4 {[%clk 00:51:04]} {[%emt 00:01:03]} 22. Nd4
{[%clk 01:06:29]} {[%emt 00:01:34]} h6 {[%clk 00:48:49]} {[%emt 00:02:46]} 23.
f3 {[%clk 01:02:22]} {[%emt 00:04:37]} Qh5 {[%clk 00:47:35]} {[%emt 00:01:43]}
24. Qc4+ {[%clk 00:59:31]} {[%emt 00:03:21]} Rf7 {[%clk 00:47:07]} {[%emt
00:00:58]} 25. Bg3 {[%clk 00:59:35]} {[%emt 00:00:26]} f4 {[%clk 00:46:31]}
{[%emt 00:01:07]} 26. Bxf4 {[%clk 00:49:21]} {[%emt 00:10:44]} Bxf4 {[%clk
00:46:25]} {[%emt 00:00:35]} 27. g3 {[%clk 00:49:35]} {[%emt 00:00:17]} exf3
{[%clk 00:37:08]} {[%emt 00:09:47]} 28. Nxf3 {[%clk 00:28:11]} {[%emt
00:21:54]} Qxf3 {[%clk 00:35:33]} {[%emt 00:02:04]} 29. Rd3 {[%clk 00:25:53]}
{[%emt 00:02:49]} Qg4 {[%clk 00:30:10]} {[%emt 00:05:53]} 30. Re4 {[%clk
00:24:37]} {[%emt 00:01:46]} Nd6 {[%clk 00:27:31]} {[%emt 00:03:09]} 31. Rxf4
{[%clk 00:23:43]} {[%emt 00:01:24]} Nxc4 {[%clk 00:27:21]} {[%emt 00:00:39]}
32. Rxg4 {[%clk 00:23:57]} {[%emt 00:00:18]} Ne5 {[%clk 00:27:35]} {[%emt
00:00:13]} 33. Rgd4 {[%clk 00:23:17]} {[%emt 00:01:11]} Nxd3 {[%clk 00:27:52]}
{[%emt 00:00:13]} 34. Rxd3 {[%clk 00:23:46]} {[%emt 00:00:02]} Rxa2 {[%clk
00:27:58]} {[%emt 00:00:23]} 0-1

[Event "DVM U16 2023"]
[Site "Magdeburg GER"]
[Date "2023.12.29"]
[Round "6"]
[White "Bergmann, Lennart"]
[Black "Miller, Jonathan"]
[Result "0-1"]
[Termination "normal"]
[Board "10.1"]
[WhiteElo "1612"]
[BlackElo "1804"]
[WhiteClock "00:22:20"]
[BlackClock "00:16:31"]
[WhiteTeam "VSG 1880 Offenbach"]
[BlackTeam "SK Johanneum Eppendorf"]
[PlyCount "76"]
[WhiteFideId "16270657"]
[BlackFideId "34631585"]
[EventCountry "GER"]
[EventRounds "7"]
[EventType "team-swiss"]
[EventDate "2023.12.26"]

1. Nf3 {[%clk 01:30:58]} {[%emt 00:00:02]} f5 {[%clk 01:30:25]} {[%emt
00:00:36]} 2. d3 {[%clk 01:29:39]} {[%emt 00:01:48]} Nf6 {[%clk 01:30:31]}
{[%emt 00:00:24]} 3. c4 {[%clk 01:28:51]} {[%emt 00:01:18]} g6 {[%clk
01:30:27]} {[%emt 00:00:35]} 4. b3 {[%clk 01:23:27]} {[%emt 00:05:53]} Bg7
{[%clk 01:30:34]} {[%emt 00:00:24]} 5. Bb2 {[%clk 01:23:45]} {[%emt 00:00:11]}
O-O {[%clk 01:30:14]} {[%emt 00:00:49]} 6. Nbd2 {[%clk 01:21:22]} {[%emt
00:02:53]} d6 {[%clk 01:29:47]} {[%emt 00:00:58]} 7. d4 {[%clk 01:19:00]}
{[%emt 00:02:52]} e6 {[%clk 01:28:57]} {[%emt 00:01:20]} 8. Qc2 {[%clk
01:18:02]} {[%emt 00:01:28]} Nc6 {[%clk 01:18:18]} {[%emt 00:11:09]} 9. a3
{[%clk 01:15:17]} {[%emt 00:03:15]} Qe8 {[%clk 01:17:30]} {[%emt 00:01:18]} 10.
e3 {[%clk 01:02:07]} {[%emt 00:13:39]} h6 {[%clk 01:04:14]} {[%emt 00:13:48]}
11. Bd3 {[%clk 01:00:39]} {[%emt 00:01:57]} e5 {[%clk 01:02:03]} {[%emt
00:02:41]} 12. d5 {[%clk 00:58:54]} {[%emt 00:02:14]} Ne7 {[%clk 01:00:35]}
{[%emt 00:01:58]} 13. e4 {[%clk 00:59:01]} {[%emt 00:00:24]} Nh5 {[%clk
00:47:14]} {[%emt 00:13:52]} 14. g3 {[%clk 00:54:17]} {[%emt 00:05:13]} c6
{[%clk 00:44:40]} {[%emt 00:03:04]} 15. O-O-O {[%clk 00:42:15]} {[%emt
00:12:32]} cxd5 {[%clk 00:44:29]} {[%emt 00:00:41]} 16. cxd5 {[%clk 00:42:34]}
{[%emt 00:00:11]} fxe4 {[%clk 00:42:01]} {[%emt 00:02:58]} 17. Bxe4 {[%clk
00:41:11]} {[%emt 00:01:53]} Bf5 {[%clk 00:41:28]} {[%emt 00:01:02]} 18. Kb1
{[%clk 00:38:37]} {[%emt 00:03:05]} Bxe4 {[%clk 00:36:55]} {[%emt 00:05:04]}
19. Qxe4 {[%clk 00:38:53]} {[%emt 00:00:13]} Nf6 {[%clk 00:37:20]} {[%emt
00:00:05]} 20. Qd3 {[%clk 00:37:46]} {[%emt 00:01:37]} Nexd5 {[%clk 00:34:09]}
{[%emt 00:03:41]} 21. Ne4 {[%clk 00:37:43]} {[%emt 00:00:32]} Rd8 {[%clk
00:28:05]} {[%emt 00:06:35]} 22. Nh4 {[%clk 00:36:07]} {[%emt 00:02:06]} Kh7
{[%clk 00:23:31]} {[%emt 00:05:05]} 23. Rc1 {[%clk 00:31:50]} {[%emt 00:04:46]}
Nxe4 {[%clk 00:21:39]} {[%emt 00:02:23]} 24. Qxe4 {[%emt 00:01:47]} Nb6 {[%clk
00:20:50]} 25. Qxb7 {[%clk 00:31:40]} {[%emt 00:00:41]} Rd7 {[%clk 00:19:12]}
{[%emt 00:02:08]} 26. Rc7 {[%clk 00:30:53]} {[%emt 00:01:17]} Rxc7 {[%clk
00:18:40]} {[%emt 00:01:03]} 27. Qxc7 {[%clk 00:31:20]} {[%emt 00:00:03]} Rxf2
{[%clk 00:18:18]} {[%emt 00:00:51]} 28. Qxa7 {[%clk 00:28:57]} {[%emt
00:02:53]} Qb5 {[%clk 00:16:03]} {[%emt 00:02:45]} 29. Ka2 {[%clk 00:25:43]}
{[%emt 00:03:44]} g5 {[%clk 00:15:39]} {[%emt 00:00:54]} 30. Nf5 {[%clk
00:24:56]} {[%emt 00:01:17]} Rxf5 {[%clk 00:16:01]} {[%emt 00:00:08]} 31. Rc1
{[%clk 00:25:24]} {[%emt 00:00:02]} Rf3 {[%clk 00:15:03]} {[%emt 00:01:26]} 32.
b4 {[%clk 00:22:59]} {[%emt 00:02:57]} Qd5+ {[%clk 00:15:16]} {[%emt 00:00:17]}
33. Ka1 {[%clk 00:23:23]} {[%emt 00:00:05]} Nc4 {[%clk 00:15:08]} {[%emt
00:00:37]} 34. Bc3 {[%clk 00:22:25]} {[%emt 00:01:29]} Rxc3 {[%clk 00:15:27]}
{[%emt 00:00:11]} 35. Rxc3 {[%clk 00:22:33]} {[%emt 00:00:23]} e4 {[%clk
00:15:52]} {[%emt 00:00:04]} 36. Kb1 {[%clk 00:22:11]} {[%emt 00:00:51]} Qd1+
{[%clk 00:15:46]} {[%emt 00:00:36]} 37. Ka2 {[%clk 00:22:14]} {[%emt 00:00:28]}
Qd2+ {[%clk 00:16:08]} {[%emt 00:00:08]} 38. Kb1 {[%clk 00:22:20]} {[%emt
00:00:24]} Qb2# {[%clk 00:16:31]} {[%emt 00:00:07]} 0-1

[Event "DVM U16 2023"]
[Site "Magdeburg GER"]
[Date "2023.12.29"]
[Round "6"]
[White "Laucht, Philipp"]
[Black "Werner, Florin"]
[Result "1/2-1/2"]
[Termination "normal"]
[Board "10.2"]
[WhiteElo "1661"]
[BlackElo "1701"]
[WhiteClock "00:15:55"]
[BlackClock "00:33:32"]
[WhiteTeam "SK Johanneum Eppendorf"]
[BlackTeam "VSG 1880 Offenbach"]
[PlyCount "55"]
[WhiteFideId "16244869"]
[BlackFideId "16250230"]
[EventCountry "GER"]
[EventRounds "7"]
[EventType "team-swiss"]
[EventDate "2023.12.26"]

1. e4 {[%clk 01:30:57]} {[%emt 00:00:02]} e6 {[%clk 01:30:52]} {[%emt
00:00:09]} 2. d4 {[%clk 01:31:21]} {[%emt 00:00:06]} d5 {[%clk 01:31:18]}
{[%emt 00:00:04]} 3. Nd2 {[%clk 01:31:38]} {[%emt 00:00:13]} Nf6 {[%clk
01:31:43]} {[%emt 00:00:05]} 4. e5 {[%clk 01:32:04]} {[%emt 00:00:04]} Nfd7
{[%clk 01:32:02]} {[%emt 00:00:11]} 5. Bd3 {[%clk 01:32:24]} {[%emt 00:00:11]}
c5 {[%clk 01:32:18]} {[%emt 00:00:12]} 6. c3 {[%clk 01:32:50]} {[%emt
00:00:05]} Nc6 {[%clk 01:32:35]} {[%emt 00:00:12]} 7. Ne2 {[%clk 01:33:15]}
{[%emt 00:00:05]} cxd4 {[%clk 01:32:56]} {[%emt 00:00:09]} 8. cxd4 {[%clk
01:33:41]} {[%emt 00:00:05]} f6 {[%clk 01:33:19]} {[%emt 00:00:07]} 9. exf6
{[%clk 01:33:32]} {[%emt 00:00:39]} Nxf6 {[%clk 01:33:41]} {[%emt 00:00:07]}
10. Nf3 {[%clk 01:33:36]} {[%emt 00:00:26]} Bd6 {[%clk 01:33:57]} {[%emt
00:00:13]} 11. O-O {[%clk 01:33:50]} {[%emt 00:00:17]} Qc7 {[%clk 01:33:47]}
{[%emt 00:00:40]} 12. Re1 {[%clk 01:32:47]} {[%emt 00:01:33]} O-O {[%clk
01:34:00]} {[%emt 00:00:17]} 13. Bg5 {[%clk 01:28:16]} {[%emt 00:05:01]} h6
{[%clk 01:24:07]} {[%emt 00:10:23]} 14. Bh4 {[%clk 01:20:15]} {[%emt 00:08:32]}
e5 {[%clk 01:20:15]} {[%emt 00:04:22]} 15. Nxe5 {[%clk 01:18:41]} {[%emt
00:02:03]} Nxe5 {[%clk 01:19:09]} {[%emt 00:01:36]} 16. dxe5 {[%clk 01:19:05]}
{[%emt 00:00:06]} Bxe5 {[%clk 01:19:29]} {[%emt 00:00:11]} 17. Bg3 {[%clk
01:18:24]} {[%emt 00:01:10]} Bd7 {[%clk 01:12:25]} {[%emt 00:07:34]} 18. Rc1
{[%clk 01:16:44]} {[%emt 00:02:10]} Qd6 {[%clk 01:01:54]} {[%emt 00:11:00]} 19.
Bxe5 {[%clk 01:14:31]} {[%emt 00:02:44]} Qxe5 {[%clk 01:01:58]} {[%emt
00:00:27]} 20. Nd4 {[%clk 01:11:29]} {[%emt 00:03:32]} Ne4 {[%clk 00:53:21]}
{[%emt 00:09:07]} 21. Bxe4 {[%clk 00:55:18]} {[%emt 00:16:41]} dxe4 {[%clk
00:53:15]} {[%emt 00:00:35]} 22. Qb3+ {[%clk 00:49:36]} {[%emt 00:06:12]} Kh8
{[%clk 00:53:12]} {[%emt 00:00:33]} 23. Qe3 {[%clk 00:48:37]} {[%emt 00:01:29]}
Rac8 {[%clk 00:47:03]} {[%emt 00:06:39]} 24. f3 {[%clk 00:31:09]} {[%emt
00:17:59]} Rxc1 {[%clk 00:42:00]} {[%emt 00:05:32]} 25. Rxc1 {[%clk 00:31:02]}
{[%emt 00:00:37]} Re8 {[%clk 00:34:27]} {[%emt 00:08:03]} 26. fxe4 {[%clk
00:15:20]} {[%emt 00:16:12]} Qxe4 {[%clk 00:33:05]} {[%emt 00:01:53]} 27. Qxe4
{[%clk 00:15:41]} {[%emt 00:00:08]} Rxe4 {[%clk 00:33:32]} {[%emt 00:00:04]}
28. Rd1 {[%clk 00:15:55]} {[%emt 00:00:15]} 1/2-1/2

[Event "DVM U16 2023"]
[Site "Magdeburg GER"]
[Date "2023.12.29"]
[Round "6"]
[White "Laux, Filip"]
[Black "Miller, Elias"]
[Result "0-1"]
[Termination "normal"]
[Board "10.3"]
[WhiteElo "1589"]
[BlackElo "1410"]
[WhiteClock "00:26:17"]
[BlackClock "00:34:36"]
[WhiteTeam "VSG 1880 Offenbach"]
[BlackTeam "SK Johanneum Eppendorf"]
[PlyCount "46"]
[WhiteFideId "16275730"]
[BlackFideId "34623590"]
[EventCountry "GER"]
[EventRounds "7"]
[EventType "team-swiss"]
[EventDate "2023.12.26"]

1. e4 {[%clk 01:30:56]} {[%emt 00:00:04]} e6 {[%clk 01:30:56]} {[%emt
00:00:04]} 2. d3 {[%clk 01:31:12]} {[%emt 00:00:14]} d5 {[%clk 01:31:21]}
{[%emt 00:00:06]} 3. Nd2 {[%clk 01:31:30]} {[%emt 00:00:12]} Nf6 {[%clk
01:31:20]} {[%emt 00:00:31]} 4. g3 {[%clk 01:31:47]} {[%emt 00:00:13]} b6
{[%clk 01:28:55]} {[%emt 00:02:54]} 5. Bg2 {[%clk 01:31:47]} {[%emt 00:00:30]}
Bb7 {[%clk 01:29:10]} {[%emt 00:00:16]} 6. Ne2 {[%clk 01:30:10]} {[%emt
00:02:06]} Nbd7 {[%clk 01:23:18]} {[%emt 00:06:22]} 7. c3 {[%clk 01:28:12]}
{[%emt 00:02:28]} dxe4 {[%clk 01:22:15]} {[%emt 00:01:33]} 8. Nxe4 {[%clk
01:25:22]} {[%emt 00:03:21]} Nxe4 {[%clk 01:21:57]} {[%emt 00:00:48]} 9. dxe4
{[%clk 01:21:28]} {[%emt 00:04:24]} Be7 {[%clk 01:19:47]} {[%emt 00:02:39]} 10.
O-O {[%clk 01:21:03]} {[%emt 00:00:55]} O-O {[%clk 01:19:28]} {[%emt 00:00:49]}
11. Nf4 {[%clk 01:14:53]} {[%emt 00:06:39]} c5 {[%clk 01:13:06]} {[%emt
00:06:52]} 12. Re1 {[%clk 01:10:50]} {[%emt 00:04:32]} Qc7 {[%clk 01:11:44]}
{[%emt 00:01:53]} 13. Be3 {[%clk 00:56:33]} {[%emt 00:14:47]} Rad8 {[%clk
01:10:15]} {[%emt 00:02:00]} 14. Qb3 {[%clk 00:52:09]} {[%emt 00:04:55]} Ne5
{[%clk 01:03:46]} {[%emt 00:06:59]} 15. Rad1 {[%clk 00:47:32]} {[%emt
00:05:01]} Bc6 {[%clk 00:57:31]} {[%emt 00:06:50]} 16. Nh3 {[%clk 00:42:14]}
{[%emt 00:05:48]} Qb7 {[%clk 00:52:02]} {[%emt 00:05:59]} 17. Bf4 {[%clk
00:39:31]} {[%emt 00:03:14]} Nd3 {[%clk 00:38:49]} {[%emt 00:13:43]} 18. Re2
{[%clk 00:35:11]} {[%emt 00:04:49]} Qa6 {[%clk 00:36:00]} {[%emt 00:03:19]} 19.
Rdd2 {[%clk 00:26:56]} {[%emt 00:08:45]} Nc1 {[%clk 00:34:24]} {[%emt
00:02:06]} 20. Qd1 {[%clk 00:25:06]} {[%emt 00:02:19]} Nxe2+ {[%clk 00:34:15]}
{[%emt 00:00:39]} 21. Qxe2 {[%clk 00:25:35]} {[%emt 00:00:02]} Qxe2 {[%clk
00:34:30]} {[%emt 00:00:16]} 22. Rxe2 {[%clk 00:26:03]} {[%emt 00:00:02]} Rd1+
{[%clk 00:34:35]} {[%emt 00:00:24]} 23. Bf1 {[%clk 00:26:17]} {[%emt 00:00:15]}
Bb5 {[%clk 00:34:36]} {[%emt 00:00:30]} 0-1